China: Hauptstädte der Provinzen und Autonomen Gebiete - Statistiken

Allgemein
  • Dieses Quiz wurde 32 mal gespielt
  • Das Durchschnittsergebnis liegt bei 16 aus 27
Antwortstatistiken
Provinz Hauptstadt % Korrekt
Guangdong Guangzhou
100%
Xinjiang Ürümqi
91%
Sichuan Chengdu
82%
Yunnan Kunming
82%
Hubei Wuhan
82%
Shaanxi Xian
82%
Heilongjiang Harbin
73%
Xizang (Tibet) Lhasa
73%
Hunan Changsha
64%
Anhui Hefei
64%
Shandong Jinan
64%
Jiangsu Nanjing
64%
Liaoning Shenyang
64%
Zhejiang Hangzhou
55%
Henan Zhengzhou
55%
Fujian Fuzhou
45%
Guizhou Guiyang
45%
Hainan Haikou
45%
Nei Menggu (Innere Mongolei) Hohhot
45%
Gansu Lanzhou
45%
Guangxi Nanning
45%
Hebei Shijiazhuang
45%
Jilin Changchun
36%
Jiangxi Nanchang
36%
Ningxia Yinchuan
36%
Qinghai Xining
27%
Shanxi Taiyun
9%
Keine übereinstimmenden Quizze gefunden
Verteilung der Resultate
Anzahl Personen mit jedem Resultat
Perzentil nach korrekt beantworteten Fragen
Ihre Resultats-Entwicklung
Sie haben dieses Quiz noch nicht gespielt